[Event "Landesliga Sued 0506"]
[Site "Bayern"]
[Date "2006.02.19"]
[Round "7.4"]
[White "Martin, Johann"]
[Black "Sailer, Wolfgang"]
[Result "0-1"]
[WhiteElo "1887"]
[BlackElo "2170"]
[PlyCount "86"]
[EventDate "2005.10.23"]
[EventType "team-tourn"]
[EventRounds "9"]
[EventCountry "GER"]
[SourceTitle "EXT 2007"]
[Source "ChessBase"]
[SourceDate "2006.11.23"]
[SourceVersion "1"]
[SourceVersionDate "2006.11.23"]
[SourceQuality "1"]
[WhiteTeam "Waldkirchen TSV"]
[BlackTeam "Ingolstadt"]
[WhiteTeamCountry "GER"]
[BlackTeamCountry "GER"]

1. d4 Nf6 2. c4 g6 3. Nc3 d5 4. cxd5 Nxd5 5. e4 Nxc3 6. bxc3 Bg7 7. Nf3 c5 8. Rb1 0-0 9. Be2 cxd4 10. cxd4 Qa5+ 11. Bd2 Qxa2 12. 0-0 Bg4 13. Be3 Nc6 14. d5 Na5 15. h3 Bxf3 16. gxf3 e6 17. Qd2 Qxd2 18. Bxd2 b6 19. Bxa5 bxa5 20. Bb5 Rab8 21. Rfd1 Rb6 22. Bc6 Rfb8 23. Rbc1 Be5 24. Rc2 Rd8 25. Ra2 Rxc6 26. Rxa5 Rc7 27. Rb1 exd5 28. exd5 Bd4 29. Rd1 Bb6 30. Rb5 Rc5 31. Rxc5 Bxc5 32. Kg2 Kg7 33. f4 Kf6 34. Kf3 Ke7 35. Rd2 Kd6 36. f5 Rb8 37. Kg4 Rb4+ 38. Kg5 Rd4 39. Rxd4 Bxd4 40. fxg6 hxg6 41. f4 a5 42. f5 gxf5 43. Kxf5 a4 0-1

[Event "Niederbayernliga 0607"]
[Site "Germany"]
[Date "2006.??.??"]
[Round "2.4"]
[White "Martin, Johann"]
[Black "Gehann, Paul"]
[Result "1/2-1/2"]
[WhiteElo "1894"]
[BlackElo "1810"]
[PlyCount "61"]
[EventDate "2006.??.??"]
[EventType "team-tourn"]
[EventRounds "9"]
[EventCountry "GER"]
[SourceTitle "EXT 2008"]
[Source "ChessBase"]
[SourceDate "2007.11.25"]
[SourceVersion "1"]
[SourceVersionDate "2007.11.25"]
[SourceQuality "1"]
[WhiteTeam "Vilshofen"]
[BlackTeam "Ergolding"]
[WhiteTeamCountry "GER"]
[BlackTeamCountry "GER"]

1. d4 Nf6 2. Bg5 Ne4 3. Bf4 d6 4. f3 Nf6 5. e4 g6 6. Nc3 Bg7 7. Qd2 h5 8. 0-0-0 c6 9. Bd3 Qa5 10. Kb1 e5 11. Be3 exd4 12. Bxd4 Be6 13. Be3 Nbd7 14. Nge2 0-0 15. Nd4 Ne5 16. Nxe6 fxe6 17. Bh6 Kh7 18. Bxg7 Kxg7 19. f4 Nxd3 20. Qxd3 Rad8 21. h3 d5 22. exd5 exd5 23. Qd4 Rde8 24. Rde1 Qb6 25. Qd2 Qc5 26. f5 d4 27. Ne2 Ne4 28. Qxd4+ Qxd4 29. Nxd4 gxf5 30. Kc1 c5 31. Nf3 1/2-1/2

[Event "Landesliga Sued 0405"]
[Site "Bayern"]
[Date "2004.12.12"]
[Round "4.5"]
[White "Hahn, Christoph"]
[Black "Martin, Johann"]
[Result "1-0"]
[WhiteElo "2046"]
[BlackElo "1868"]
[PlyCount "79"]
[EventDate "2004.10.24"]
[EventType "team-tourn"]
[EventRounds "9"]
[EventCountry "GER"]
[SourceTitle "EXT 2007"]
[Source "ChessBase"]
[SourceDate "2006.11.23"]
[SourceVersion "1"]
[SourceVersionDate "2006.11.23"]
[SourceQuality "1"]
[WhiteTeam "Kriegshaber SK"]
[BlackTeam "Waldkirchen"]
[WhiteTeamCountry "GER"]
[BlackTeamCountry "GER"]

1. d4 d5 2. Nc3 Nf6 3. Qd3 c6 4. Bg5 Nbd7 5. e4 dxe4 6. Nxe4 Nxe4 7. Qxe4 Qa5+ 8. Bd2 Qd5 9. Qxd5 cxd5 10. Bb5 a6 11. Bd3 e6 12. Nf3 Be7 13. 0-0 0-0 14. Rfe1 Nf6 15. Ne5 Bd7 16. Bg5 Bc6 17. f4 Rfe8 18. f5 Ne4 19. Bxe7 Rxe7 20. Nxc6 bxc6 21. Bxe4 dxe4 22. Rxe4 Rd8 23. Rae1 Rde8 24. b3 g6 25. fxe6 Rxe6 26. Rxe6 fxe6 27. Re5 Kf7 28. Rc5 Rc8 29. c4 Ke7 30. Kf2 Rf8+ 31. Ke2 Kd6 32. Ra5 Rf4 33. Ke3 Rf1 34. Rxa6 Re1+ 35. Kf3 Rd1 36. Ra7 Rxd4 37. Rxh7 Rd2 38. Ra7 Ke5 39. h4 Rd7 40. Rxd7 1-0

[Event "Landesliga Sued 0203"]
[Site "Bayern"]
[Date "2003.02.09"]
[Round "6.6"]
[White "Ruether, Rudolf"]
[Black "Martin, Johann"]
[Result "1/2-1/2"]
[WhiteElo "2156"]
[BlackElo "1819"]
[PlyCount "38"]
[EventDate "2002.10.20"]
[EventType "team-tourn"]
[EventRounds "9"]
[EventCountry "GER"]
[SourceTitle "EXT 2004"]
[Source "ChessBase"]
[SourceDate "2003.11.25"]
[SourceVersion "1"]
[SourceVersionDate "2003.11.25"]
[SourceQuality "1"]
[WhiteTeam "Muenchen Siemens"]
[BlackTeam "Waldkirch"]
[WhiteTeamCountry "GER"]
[BlackTeamCountry "GER"]

1. d4 d5 2. Nf3 Nf6 3. c4 e6 4. Nc3 Be7 5. Bg5 0-0 6. e3 h6 7. Bh4 Ne4 8. Bxe7 Qxe7 9. Bd3 Nxc3 10. bxc3 c6 11. 0-0 Nd7 12. Re1 dxc4 13. Bxc4 c5 14. e4 e5 15. Bd5 exd4 16. cxd4 cxd4 17. Qxd4 Nf6 18. a4 Nxd5 19. exd5 Qd6 1/2-1/2

[Event "Landesliga Sued 0102"]
[Site "Bayern"]
[Date "2002.02.24"]
[Round "6.7"]
[White "Ruether, Rudolf"]
[Black "Martin, Johann"]
[Result "1/2-1/2"]
[WhiteElo "2150"]
[BlackElo "1800"]
[PlyCount "41"]
[EventDate "2001.10.07"]
[EventType "team-tourn"]
[EventRounds "9"]
[EventCountry "GER"]
[SourceTitle "EXT 2003"]
[Source "ChessBase"]
[SourceDate "2002.11.25"]
[SourceVersion "1"]
[SourceVersionDate "2002.11.25"]
[SourceQuality "1"]
[WhiteTeam "Muenchen Siemens"]
[BlackTeam "Waldkirch"]
[WhiteTeamCountry "GER"]
[BlackTeamCountry "GER"]

1. d4 Nf6 2. c4 e6 3. Nc3 d5 4. Bg5 Be7 5. e3 0-0 6. Nf3 h6 7. Bh4 Ne4 8. Bxe7 Qxe7 9. cxd5 Nxc3 10. bxc3 exd5 11. Bd3 c5 12. 0-0 Nc6 13. Rc1 Bg4 14. h3 Bh5 15. dxc5 Bxf3 16. Qxf3 Ne5 17. Qd1 Nxd3 18. Qxd3 Qxc5 19. Rfd1 Rfd8 20. Qd4 Rac8 21. Rb1 1/2-1/2

[Event "Regionalliga SO 0001"]
[Site "Bayern"]
[Date "2001.04.09"]
[Round "9"]
[White "Rajic, Ivica"]
[Black "Martin, Johann"]
[Result "0-1"]
[WhiteElo "2055"]
[BlackElo "1765"]
[PlyCount "72"]
[EventDate "2000.10.15"]
[EventType "team-tourn"]
[EventRounds "9"]
[EventCountry "GER"]
[SourceTitle "EXT 2020"]
[Source "ChessBase"]
[SourceDate "2019.10.17"]
[SourceVersion "1"]
[SourceVersionDate "2019.10.17"]
[SourceQuality "1"]
[WhiteTeam "Starnberg SC"]
[BlackTeam "Waldkirchen TSV"]
[WhiteTeamCountry "GER"]
[BlackTeamCountry "GER"]

1. d4 d5 2. c4 e6 3. e3 Nf6 4. Nf3 c6 5. a3 Bd6 6. c5 Bc7 7. b4 Nbd7 8. Bb2 Qe7 9. Nbd2 e5 10. dxe5 Nxe5 11. h3 0-0 12. Be2 Re8 13. Qc2 Nxf3+ 14. Nxf3 Ne4 15. Bd4 Ng5 16. Nxg5 Qxg5 17. 0-0-0 Qe7 18. Bd3 h6 19. f4 b6 20. Qc3 bxc5 21. bxc5 f6 22. Rhe1 a5 23. g4 a4 24. Rg1 Ba6 25. Bc2 Be2 26. Rdf1 Ba5 27. Qa1 Bxf1 28. Rxf1 Qb7 29. Rd1 Qb5 30. Rd3 Rab8 31. h4 Re4 32. g5 Qc4 33. gxf6 Rb3 34. Rd2 Bxd2+ 35. Kxd2 Rxd4+ 36. exd4 Rg3 0-1

[Event "Regionalliga SO 9900"]
[Site "Bayern"]
[Date "2000.??.??"]
[Round "9.8"]
[White "Knollhuber, Peter"]
[Black "Martin, Johann"]
[Result "1/2-1/2"]
[WhiteElo "1750"]
[BlackElo "1740"]
[PlyCount "93"]
[EventDate "1999.??.??"]
[EventType "team-tourn"]
[EventRounds "9"]
[EventCountry "GER"]
[SourceTitle "EXT 2020"]
[Source "ChessBase"]
[SourceDate "2019.10.17"]
[SourceVersion "1"]
[SourceVersionDate "2019.10.17"]
[SourceQuality "1"]
[WhiteTeam "Dorfen PSV"]
[BlackTeam "Waldkirchen TSV"]
[WhiteTeamCountry "GER"]
[BlackTeamCountry "GER"]

1. d4 Nf6 2. Nf3 g6 3. c4 Bg7 4. Nc3 d6 5. e4 0-0 6. Be2 e5 7. 0-0 Nc6 8. d5 Ne7 9. Ne1 Nd7 10. Nd3 f5 11. Bd2 Nf6 12. f3 f4 13. b4 g5 14. c5 Ng6 15. Rc1 Rf7 16. a4 h5 17. h3 Bf8 18. Be1 Rg7 19. c6 b6 20. Nf2 Nh8 21. a5 Nf7 22. Ra1 Rb8 23. Nb5 a6 24. Na7 b5 25. Nxc8 Qxc8 26. Ra3 Nh6 27. Kh2 Qe8 28. Rh1 Qg6 29. Kg1 Be7 30. Kf1 Kf7 31. Rh2 Rbg8 32. Ra2 Qh7 33. Ra3 Rg6 34. Ra2 Qg7 35. Ra3 Qf8 36. Ra2 Qg7 37. Ra3 Qh8 38. Ra2 R8g7 39. Ra3 Qc8 40. Ra2 g4 41. hxg4 hxg4 42. fxg4 Nhxg4 43. Nxg4 Nxg4 44. Bxg4 Rxg4 45. Qf3 Bf6 46. Rh5 R7g5 47. Rxg5 1/2-1/2

[Event "Regionalliga SO 9899"]
[Site "Bayern"]
[Date "1999.??.??"]
[Round "4.8"]
[White "Martin, Johann"]
[Black "Firlbeck, Hubert"]
[Result "0-1"]
[WhiteElo "1725"]
[BlackElo "1890"]
[PlyCount "110"]
[EventDate "1998.??.??"]
[EventType "team-tourn"]
[EventRounds "9"]
[EventCountry "GER"]
[SourceTitle "EXT 2020"]
[Source "ChessBase"]
[SourceDate "2019.10.17"]
[SourceVersion "1"]
[SourceVersionDate "2019.10.17"]
[SourceQuality "1"]
[WhiteTeam "Waldkirchen TSV"]
[BlackTeam "Deggendorf"]
[WhiteTeamCountry "GER"]
[BlackTeamCountry "GER"]

1. d4 f5 2. c4 Nf6 3. Nc3 e6 4. g3 d5 5. Bg2 c6 6. Nf3 Bd6 7. Bf4 Bxf4 8. gxf4 0-0 9. e3 Nbd7 10. c5 b6 11. Qa4 Bb7 12. b4 Ne4 13. Nxe4 fxe4 14. Ng5 Qe8 15. b5 cxb5 16. Qxb5 Nxc5 17. Bf1 Bc6 18. Qb4 Nb7 19. Ba6 h6 20. Nh3 Qh5 21. Rc1 Na5 22. Ng1 Bb7 23. Bxb7 Nxb7 24. Rc7 Rac8 25. Qe7 Rxc7 26. Qxc7 Qf7 27. Qe5 Rc8 28. Ne2 Qf5 29. Kd2 Qxe5 30. fxe5 g5 31. h4 Kg7 32. hxg5 hxg5 33. Rg1 Kh6 34. Rh1+ Kg6 35. Rg1 Na5 36. Nf4+ Kf5 37. Nh3 Nc4+ 38. Kd1 g4 39. Nf4 Rh8 40. Ke2 Rh2 41. Rg3 Nb2 42. Nxe6 Kxe6 43. Rxg4 Nd3 44. Rg6+ Kf7 45. Rf6+ Ke7 46. Kf1 Rh1+ 47. Kg2 Ra1 48. Rd6 Rxa2 49. Rxd5 Rxf2+ 50. Kg3 Rf3+ 51. Kg4 Nf2+ 52. Kg5 Rxe3 53. Rd6 Rg3+ 54. Kf4 Rf3+ 55. Kg5 e3 0-1

[Event "Regionalliga SO 9798"]
[Site "Bayern"]
[Date "1998.??.??"]
[Round "?.8"]
[White "Schmidbauer, Franz"]
[Black "Martin, Johann"]
[Result "1-0"]
[WhiteElo "1900"]
[BlackElo "1795"]
[PlyCount "137"]
[EventDate "1997.10.19"]
[EventType "team-tourn"]
[EventRounds "9"]
[EventCountry "GER"]
[SourceTitle "EXT 2020"]
[Source "ChessBase"]
[SourceDate "2019.10.17"]
[SourceVersion "1"]
[SourceVersionDate "2019.10.17"]
[SourceQuality "1"]
[WhiteTeam "Deggendorf"]
[BlackTeam "Waldkirchen TSV"]
[WhiteTeamCountry "GER"]
[BlackTeamCountry "GER"]

1. e4 c5 2. Nf3 Nc6 3. d3 d6 4. g3 g6 5. Bg2 Bg7 6. 0-0 e5 7. Nbd2 Nge7 8. a4 0-0 9. c3 h6 10. Nc4 Be6 11. Nfd2 f5 12. exf5 gxf5 13. f4 Qd7 14. Qh5 Bf7 15. Qh3 Rad8 16. Ne3 Be6 17. Qh5 Qe8 18. Qe2 Qf7 19. fxe5 dxe5 20. Ne4 b6 21. Bh3 Qg6 22. Nf2 f4 23. Bxe6+ Qxe6 24. Nc4 fxg3 25. hxg3 Qg6 26. Ne4 Rxf1+ 27. Kxf1 Nf5 28. Kg2 Rf8 29. Kh2 h5 30. Bg5 Nce7 31. Rh1 Nd5 32. Rg1 Nf6 33. Nxe5 Ng4+ 34. Nxg4 hxg4 35. Qxg4 Bh6 36. Kh3 Bxg5 37. Qxg5 Qxg5 38. Nxg5 Nd6 39. Re1 Rf2 40. Re7 Rxb2 41. Ne4 Nxe4 42. Rxe4 Kf7 43. Kg4 Rd2 44. d4 cxd4 45. Rxd4 Rc2 46. Rc4 Kg6 47. Rc6+ Kg7 48. Kg5 Rg2 49. Rc7+ Kf8 50. g4 Rg3 51. Kf4 Rd3 52. g5 a6 53. Kf5 Rf3+ 54. Kg6 Rg3 55. Rc6 b5 56. axb5 axb5 57. Rc5 Rf3 58. Rf5+ Rxf5 59. Kxf5 Kf7 60. g6+ Kg7 61. Kg5 Kg8 62. Kf6 Kf8 63. Ke5 Kg7 64. Kd5 Kxg6 65. Kc5 Kf6 66. Kxb5 Ke6 67. Kc6 Ke7 68. c4 Kd8 69. Kb7 1-0

[Event "Regionalliga SO 9596"]
[Site "Bayern"]
[Date "1995.10.15"]
[Round "1"]
[White "Martin, Johann"]
[Black "Jurasic, Marinko"]
[Result "1/2-1/2"]
[WhiteElo "1855"]
[BlackElo "1695"]
[PlyCount "53"]
[EventDate "1995.10.15"]
[EventType "team-tourn"]
[EventRounds "9"]
[EventCountry "GER"]
[SourceTitle "EXT 1999"]
[Source "ChessBase"]
[SourceDate "1998.11.16"]
[SourceVersion "1"]
[SourceVersionDate "1998.11.16"]
[SourceQuality "1"]
[WhiteTeam "Waldkirchen TSV"]
[BlackTeam "Straubing PSV"]
[WhiteTeamCountry "GER"]
[BlackTeamCountry "GER"]

1. d4 Nf6 2. Nf3 d5 3. Bg5 Bg4 4. Nbd2 e6 5. e3 Be7 6. Bd3 Nbd7 7. 0-0 c5 8. c3 0-0 9. Qe1 Re8 10. Ne5 c4 11. Bc2 h6 12. Bh4 Nxe5 13. dxe5 Nd7 14. Bxe7 Qxe7 15. f4 Bf5 16. Bxf5 exf5 17. Nf3 Nc5 18. Rd1 Rad8 19. Qd2 Nd3 20. Ne1 Nxe1 21. Rfxe1 f6 22. exf6 Qxf6 23. Qd4 Qxd4 24. Rxd4 Kf7 25. Kf2 Re6 26. Red1 Red6 27. R4d2 1/2-1/2

[Event "Regionalliga SO 9495"]
[Site "Bayern"]
[Date "1994.??.??"]
[Round "?.6"]
[White "Martin, Johann"]
[Black "Schmidbauer, Franz"]
[Result "1-0"]
[WhiteElo "1830"]
[BlackElo "1900"]
[PlyCount "75"]
[EventDate "1994.10.??"]
[EventType "team-tourn"]
[EventRounds "9"]
[EventCountry "GER"]
[SourceTitle "EXT 1999"]
[Source "ChessBase"]
[SourceDate "1998.11.16"]
[SourceVersion "1"]
[SourceVersionDate "1998.11.16"]
[SourceQuality "1"]
[WhiteTeam "Waldkirchen TSV"]
[BlackTeam "Deggendorf"]
[WhiteTeamCountry "GER"]
[BlackTeamCountry "GER"]

1. d4 Nf6 2. Nf3 d6 3. c4 g6 4. Nc3 Bg7 5. e4 0-0 6. Be2 e5 7. 0-0 Qe8 8. d5 Na6 9. Bd3 Nc5 10. b4 Nxd3 11. Qxd3 Nh5 12. g3 Bh3 13. Re1 h6 14. c5 a6 15. cxd6 cxd6 16. b5 f5 17. Nd2 f4 18. Ba3 Rf6 19. Rac1 Qf7 20. Qe2 f3 21. Qe3 Bf8 22. b6 Rd8 23. Rc2 Nf4 24. Rec1 Bg2 25. Nxf3 Bxf3 26. gxf4 Rxf4 27. Ne2 Rxe4 28. Qd3 Rxe2 29. Rxe2 Bxe2 30. Qxe2 Qxd5 31. Qg4 Qf7 32. Rc7 Qf5 33. Qxf5 gxf5 34. Rxb7 d5 35. Bxf8 Kxf8 36. Rc7 d4 37. b7 d3 38. Rc8 1-0